LEADER 01003nam0-22003251i-450- 001 990000705670403321 005 20160418100838.0 010 $a88-7005-461-6 035 $a000070567 035 $aFED01000070567 035 $a(Aleph)000070567FED01 035 $a000070567 100 $a20020821d1980----km-y0itay50------ba 101 0 $aita 102 $aIT 105 $aa---b---001yy 200 1 $a<>Longhi$euna famiglia di architetti tra manierismo e barocco$fa cura di Luciano Patetta$fnota introduttiva di Giulio Carlo Argan$gsaggi di Amedeo Bellini 210 $aMilano$cClup$d1980 215 $a130 p.$cill.$d22 cm 300 $aCatalogo della Mostra tenuta a Viggiu e Roma nel 1980 676 $a724.1 702 1$aBellini,$bAmedeo$f<1940- > 702 1$aPatetta,$bLuciano$f<1935- > 801 0$aIT$bUNINA$gRICA$2UNIMARC 901 $aBK 912 $a990000705670403321 952 $aMON B 443$b14392$fFARBC 952 $aMON B 312$b12503$fFARBC 959 $aFARBC 997 $aUNINA LEADER 01006nam0-22003251i-450- 001 990008101560403321 005 20050429121047.0 035 $a000810156 035 $aFED01000810156 035 $a(Aleph)000810156FED01 035 $a000810156 100 $a20050429d1992----km-y0itay50------ba 101 0 $aita 102 $aIT 105 $ay---n-----1yy 200 1 $aRicerche plutarchee$fM. R. Cammarota ... [et al.]$ga cura di Italo Gallo 210 $aNapoli$cArte tipografica$d©1992 215 $a182 p.$d21 cm 225 1 $aQuaderni del Dipartimento di scienze dell'antichitą$fUniversitą degli studi di Salerno 610 0 $aPlutarcp$aOpere$aTradizione e critica del testo 676 $a888.0108 702 1$aGallo,$bItalo$c 702 1$aCammarota,$bMaria Rubina 801 0$aIT$bUNINA$gRICA$2UNIMARC 901 $aBK 912 $a990008101560403321 952 $aP2B-610-PLUTAR-8G.I.-1992$fFLFBC 959 $aFLFBC 996 $aRicerche plutarchee$9753890 997 $aUNINA